000 01311nam0a22003011 4500
001 v19\rc\1994895
005 20251118181237.4
035 _a(NLR Aleph) 005071233
090 _a7097848
_c7097848
100 _a20080811d1914 |||y0rusy50 ca
101 1 _arus
_alat
_clat
102 _aRU
105 _ay z |||||
200 1 _aЗаписки о Галльской войне
_d(Commentarii de bello Gallico)
_eКнига первая
_eЛат. текст, слов., граммат. разбор, рус. пер. и коммент. к тексту
_fЮ. Цезарь
_gПер. на рус. яз., снабдил слов., граммат. разбором и коммент. И. Вайсблит
_zlat
205 _a3-е изд.
210 _aКиев
_aСанкт-Петербург
_aОдесса
_cП.И. Бонадурер, влад. Юж.-Рус. кн-ва Ф.А. Иогансон
_d1914
215 _a238 с.
_d22
510 0 _a(Commentarii de bello Gallico)
_zlat
700 1 _aЦезарь
_bГ. Ю.
_f102 или 100 - 44 до н. э.
_gГай Юлий
702 1 _aВайсблит
_bИ.
_4730
_4212
801 0 _aRU
_bNLR
_gpsbo
801 0 _aRU
_bRuMoRGB
_2psbo
801 1 _aRU
_bProSoft-M
_2rusmarc
852 _aNLR
_j37.65.7.6
899 _aRuMoRGB
_jV 66/48
899 _aБАН
942 _cBOOK
980 _aNB